[Event "Maresme op 15th"]
[Site "Maresme"]
[Date "2018.10.27"]
[Round "4"]
[White "Gabanach Fernandez, Victor"]
[Black "Murciano Criado, Sara"]
[Result "1-0"]
[WhiteElo "1340"]
[BlackElo "1579"]
[PlyCount "43"]
[EventDate "2018.09.29"]
[EventType "swiss"]
[EventRounds "9"]
[EventCountry "ESP"]
[SourceTitle "EXT 2020"]
[Source "ChessBase"]
[SourceDate "2019.10.17"]
[SourceVersion "1"]
[SourceVersionDate "2019.10.17"]
[SourceQuality "1"]

1. e4 e5 2. Nf3 Nc6 3. Bc4 Nf6 4. d3 Bc5 5. c3 d5 6. exd5 Nxd5 7. Qb3 Be6 8. Qxb7 Kd7 9. Qb5 Qe7 10. Nxe5+ Kd6 11. Qxc6+ Kxe5 12. d4+ Bxd4 13. cxd4+ Kxd4 14. 0-0 Rhd8 15. Bxd5 Bxd5 16. Qc3+ Ke4 17. Re1+ Kf5 18. Rxe7 c6 19. Qh3+ Kf6 20. Bg5+ Kxg5 21. Re5+ Kf6 22. Qf5# 1-0

[Event "Foment Martinenc op-C 18th"]
[Site "Barcelona"]
[Date "2016.06.18"]
[Round "9"]
[White "Murciano Criado, Sara"]
[Black "Castellvell Diez, Maria Nuria"]
[Result "1-0"]
[WhiteElo "1674"]
[BlackElo "1238"]
[PlyCount "61"]
[EventDate "2016.04.23"]
[EventType "swiss"]
[EventRounds "9"]
[EventCountry "ESP"]
[SourceTitle "EXT 2017"]
[Source "ChessBase"]
[SourceDate "2016.10.25"]
[SourceVersion "1"]
[SourceVersionDate "2016.10.25"]
[SourceQuality "1"]

1. e4 e5 2. Nf3 Nc6 3. Nc3 Bc5 4. Bb5 Nge7 5. d3 0-0 6. Bg5 h6 7. Bxe7 Qxe7 8. Bxc6 dxc6 9. d4 Rd8 10. Qe2 f6 11. dxe5 fxe5 12. Qc4+ Be6 13. Qe2 b6 14. 0-0 b5 15. Nxe5 Rd6 16. Rad1 Rad8 17. Nxc6 Qf6 18. Nxd8 Bc4 19. Qh5 Be2 20. Nxe2 Qxd8 21. Qxc5 Rxd1 22. h3 Rd2 23. Nf4 a6 24. Ne6 Kh7 25. Nxd8 g5 26. Qxc7+ Kg6 27. Re1 h5 28. g4 h4 29. Qc6+ Kh7 30. Ne6 Rxc2 31. Qxc2 1-0

[Event "Foment Martinenc op-C 18th"]
[Site "Barcelona"]
[Date "2016.04.23"]
[Round "1"]
[White "Roca Planas, Edgar"]
[Black "Murciano Criado, Sara"]
[Result "1-0"]
[WhiteElo "1779"]
[BlackElo "1674"]
[PlyCount "79"]
[EventDate "2016.04.23"]
[EventType "swiss"]
[EventRounds "9"]
[EventCountry "ESP"]
[SourceTitle "EXT 2017"]
[Source "ChessBase"]
[SourceDate "2016.10.25"]
[SourceVersion "1"]
[SourceVersionDate "2016.10.25"]
[SourceQuality "1"]

1. e4 d6 2. f4 e5 3. d3 Nc6 4. Nf3 Bg4 5. Be2 Nf6 6. h3 Bh5 7. g4 Bg6 8. f5 Bxf5 9. exf5 Nd4 10. Nxd4 exd4 11. Bg5 Be7 12. Nd2 d5 13. Nf3 Bb4+ 14. Bd2 Qd6 15. Rg1 a5 16. a3 Bc5 17. Qc1 b6 18. Bf4 Qe7 19. Qd2 Rd8 20. 0-0-0 g6 21. Be5 gxf5 22. g5 h6 23. Bxf6 Qf8 24. Bxh8 Qxh8 25. gxh6 Bd6 26. Qg5 Be7 27. Qg8+ Qxg8 28. Rxg8+ Bf8 29. h7 Ke7 30. h8Q Kd7 31. Rxf8 Rxf8 32. Qxf8 Ke6 33. Qh6+ f6 34. Nxd4+ Ke5 35. Qe3+ Kd6 36. Qe6+ Kc5 37. Nb3+ Kb5 38. d4+ Ka4 39. Qc6+ b5 40. Bxb5# 1-0